000 00746nam a2200253Ia 4500
003 OSt
005 20221007081829.0
006 a|||||r|||| 00| 0
007 ta
008 221006b |||||||| |||| 00| 0 eng d
020 _a9781509919086
024 _a45,572
037 _cTextual
040 _aFLL
_cFLL
_beng
041 _2eng
_aeng
082 _aZ5,8, Q8
100 _aDERLEN Mattias Ed.
_9698146
245 0 _aCourt of justice of the European Union
_b Multidisciplinary perspectives
260 _aPortland
_bHart Publishing USA
_c2018
300 _axii,233p.
_ccm.
700 _a LINDHOLM Johan Ed.
_9698147
942 _hZ5,8, Q8
_cTEXL
_2CC
999 _c1164415
_d1164415